শোকার্তের দীর্ঘশ্বাস (নাফাসুল মাহমুম) / (Record no. 74251)
[ view plain ]
| 000 -LEADER | |
|---|---|
| fixed length control field | 01504nam a2200253 a 4500 |
| 001 - CONTROL NUMBER | |
| control field | 74251 |
| 003 - CONTROL NUMBER IDENTIFIER | |
| rucl marc code | BD-RjUL |
| 005 - DATE AND TIME OF LATEST TRANSACTION | |
| control field | 20211209082526.0 |
| 008 - FIXED-LENGTH DATA ELEMENTS--GENERAL INFORMATION | |
| fixed length control field | 180417m20102009bg ||||| |||| 000 0 ben d |
| 020 ## - INTERNATIONAL STANDARD BOOK NUMBER | |
| International Standard Book Number | 9789843308832 |
| Terms of availability | Tk.300.00 |
| 035 ## - SYSTEM CONTROL NUMBER | |
| System control number | (BD-RjUL)74469 |
| 040 ## - CATALOGING SOURCE | |
| Original cataloging agency | BD-RjUL |
| Language of cataloging | eng |
| Transcribing agency | BD-RjUL |
| 041 ## - LANGUAGE CODE | |
| Language code of text/sound track or separate title | ben |
| 082 ## - DEWEY DECIMAL CLASSIFICATION NUMBER | |
| Edition number | 23 |
| Classification number | 297.5675 |
| Author mark and year | KUS 2009 |
| 100 1# - MAIN ENTRY--PERSONAL NAME | |
| Personal name | কুম্বি, আব্বাস বিন মুহাম্মাদ রেজা |
| 9 (RLIN) | 221161 |
| 245 10 - TITLE STATEMENT | |
| Title | শোকার্তের দীর্ঘশ্বাস (নাফাসুল মাহমুম) / |
| Statement of responsibility, etc. | আব্বাস বিন মুহাম্মাদ রেজা আলকুম্বি, ; অনুবাদ মুহাম্মাদ ইরফানুল হক ; সম্পাদক , এ কে এম রাশিদুজ্জামান , ফাতিমা মূনাওয়ারা |
| 260 ## - PUBLICATION, DISTRIBUTION, ETC. (IMPRINT) | |
| Place of publication, distribution, etc. | নড়াইল : |
| Name of publisher, distributor, etc. | ওয়াইজম্যান পাব, |
| Date of publication, distribution, etc. | 2009 , 2010 |
| 300 ## - PHYSICAL DESCRIPTION | |
| Pagination | V ; |
| Size | ২৪ সেমি. |
| 505 ## - FORMATTED CONTENTS NOTE | |
| Formatted contents note | V. 1 - 2. কারবালার মর্মান্তিক ইতিহাস -- |
| 650 ## - SUBJECT ADDED ENTRY--TOPICAL TERM | |
| Topical term or geographic name as entry element | ইসলাম |
| Form subdivision | ইতিহাস |
| Geographic subdivision | ইরাক--কারবালা |
| 9 (RLIN) | 221162 |
| Topical term or geographic name as entry element | Islam |
| Form subdivision | History. |
| Geographic subdivision | Iraq--Karbalāʼ |
| 9 (RLIN) | 221163 |
| 700 ## - ADDED ENTRY--PERSONAL NAME | |
| Personal name | ইরফানুল হক,মুহাম্মাদ , অনুবাদক ; রাশিদুজ্জামান, এ কে এম (সম্পাদক) |
| 942 ## - ADDED ENTRY ELEMENTS (KOHA) | |
| Source of classification or shelving scheme | Dewey Decimal Classification |
| Koha item type | Books |
| Lost status | Source of classification or shelving scheme | Damaged status | Not for loan | Collection code | Permanent Location | Current Location | Shelving location | Date acquired | Source of acquisition | Cost, normal purchase price | Total Checkouts | Full call number | Date last seen | Copy number | Koha item type |
|---|---|---|---|---|---|---|---|---|---|---|---|---|---|---|---|
| Dewey Decimal Classification | Not For Loan | Non-fiction | Central Library, University of Rajshahi | Central Library, University of Rajshahi | Reading Room | 27/04/2017 | Iran Embassy Dhaka | 300.00 | B 297.5675 KUS 2009 V-1 | 17/04/2018 | C-1 | Books | |||
| Dewey Decimal Classification | Not For Loan | Non-fiction | Central Library, University of Rajshahi | Central Library, University of Rajshahi | Reading Room | 27/04/2017 | Iran Embassy Dhaka | 300.00 | B 297.5675 KUS 2009 V-2 | 17/04/2018 | C-1 | Books |